AH International Schools' Libraries

(Khmer) Nisay (Record no. 48206)

MARC details
000 -LEADER
fixed length control field 00253nam a2200109 4500
020 ## - INTERNATIONAL STANDARD BOOK NUMBER
International Standard Book Number 9789924551201
245 ## - TITLE STATEMENT
Title (Khmer) Nisay
Statement of responsibility, etc Thon Thavy.
250 ## - EDITION STATEMENT
Edition statement 1st.
260 ## - PUBLICATION, DISTRIBUTION, ETC. (IMPRINT)
Place of publication, distribution, etc Cambodia:
Name of publisher, distributor, etc Book of life;
Date of publication, distribution, etc 2021.
300 ## - PHYSICAL DESCRIPTION
Extent 298 p.
942 ## - ADDED ENTRY ELEMENTS (KOHA)
Source of classification or shelving scheme
Koha item type Khmer Fic Books
Holdings
Withdrawn status Lost status Source of classification or shelving scheme Damaged status Not for loan Collection code Home library Current library Shelving location Date acquired Total Checkouts Total Renewals Full call number Barcode Checked out Date last seen Date checked out Price effective from Koha item type
          Siem Riep Asian Hope Secondary Library Asian Hope Secondary Library SECONDARY 01/21/2025 8 2 KHMER J FIC THO 207499 05/05/2026 03/10/2026 03/10/2026 01/21/2025 Khmer Fic Books

For any Logos Library related questions please contact Miss Art at swongnarasuk@asianhope.org.

For any Asian Hope Library related questions please contact Miss Raza at graza@asianhope.org.

Powered by Koha